[Event "British Columbia-ch Active (online)"]
[Site "chess.com"]
[Date "2020.08.15"]
[Round "2.5"]
[White "Tang, Edward"]
[Black "Yao, Henry"]
[Result "0-1"]
[WhiteElo "1904"]
[BlackElo "1447"]
[PlyCount "48"]
[EventDate "2020.08.15"]
[EventType "swiss (rapid)"]
[EventRounds "8"]
[EventCountry "CAN"]

1. d4 d5 2. c4 dxc4 3. Nf3 Nf6 4. e3 e6 5. Bxc4 a6 6. Bd3 b5 7. O-O c5 8. Nc3
Nc6 9. a4 b4 10. Ne4 Nxe4 11. Bxe4 Bb7 12. Qe2 cxd4 13. exd4 Be7 14. Rd1 Qc7
15. Be3 Rc8 16. Rac1 Qb8 17. Ng5 h6 18. Nh3 O-O 19. Qh5 f5 20. Bb1 Bf6 21. d5
exd5 22. Bxf5 Rce8 23. Bxh6 gxh6 24. Qxh6 Qc7 {Time.} 0-1

[Event "British Columbia-ch Active (online)"]
[Site "chess.com"]
[Date "2020.08.15"]
[Round "2.6"]
[White "Deimert, Elroy"]
[Black "Taylor, Tristan"]
[Result "0-1"]
[WhiteElo "1426"]
[BlackElo "1871"]
[PlyCount "66"]
[EventDate "2020.08.15"]
[EventType "swiss (rapid)"]
[EventRounds "8"]
[EventCountry "CAN"]

1. e4 c5 2. d4 cxd4 3. c3 dxc3 4. Nxc3 Nc6 5. Nf3 e6 6. Bc4 Bb4 7. O-O Nge7 8.
Qe2 O-O 9. Rd1 a6 10. Be3 Ng6 11. Rac1 Re8 12. Bb3 d6 13. h3 h6 14. a3 Ba5 15.
Ba2 Qe7 16. Rc2 Bd7 17. b4 Bd8 18. Rcd2 Bc7 19. Rc2 Rac8 20. Rdc1 Bb8 21. Na4
Nce5 22. Nb6 Rxc2 23. Rxc2 Bb5 24. Qd1 Nxf3+ 25. Qxf3 Bc7 26. Qd1 Bxb6 27. Bxb6
Ba4 28. Bb1 Bxc2 29. Qxc2 Qd7 30. g3 Rc8 31. Qd2 Qc6 32. Be3 Ne5 33. Bd3 Nf3+
0-1

[Event "British Columbia-ch Active (online)"]
[Site "chess.com"]
[Date "2020.08.15"]
[Round "2.7"]
[White "Nah, James"]
[Black "Yu, Christopher"]
[Result "0-1"]
[WhiteElo "1861"]
[BlackElo "1429"]
[PlyCount "88"]
[EventDate "2020.08.15"]
[EventType "swiss (rapid)"]
[EventRounds "8"]
[EventCountry "CAN"]

1. e4 c5 2. Nf3 Nc6 3. Bb5 d6 4. O-O Bd7 5. Re1 g6 6. c3 Bg7 7. d4 cxd4 8. cxd4
e6 9. d5 Ne5 10. Bxd7+ Qxd7 11. dxe6 fxe6 12. Nc3 Ne7 13. Nxe5 Bxe5 14. Bh6 Nc6
15. Qd2 O-O-O 16. Red1 Qe7 17. Bg5 Bf6 18. Be3 a6 19. Rab1 h5 20. b4 Ne5 21.
Ba7 Nc4 22. Qd3 Ne5 23. Qc2 Nc6 24. b5 Bxc3 25. Qxc3 axb5 26. Rxb5 Rhf8 27. Rb2
Qf6 28. Qb3 Rf7 29. f3 Nxa7 30. a4 Rc7 31. a5 Nc6 32. a6 bxa6 33. Qb6 Qe7 34.
Rc2 Kd7 35. Rcd2 Rdc8 36. Rxd6+ Qxd6 37. Rxd6+ Kxd6 38. Qxa6 Kd7 39. Qd3+ Ke7
40. Qe3 Kf7 41. e5 Ne7 42. Qh6 Rc1+ 43. Kf2 R8c2+ 44. Ke3 Nf5+ 0-1

[Event "British Columbia-ch Active (online)"]
[Site "chess.com"]
[Date "2020.08.15"]
[Round "2.8"]
[White "Ghazaryan, Suren"]
[Black "Leblanc, Paul"]
[Result "1-0"]
[WhiteElo "1404"]
[BlackElo "1765"]
[PlyCount "87"]
[EventDate "2020.08.15"]
[EventType "swiss (rapid)"]
[EventRounds "8"]
[EventCountry "CAN"]

1. d4 d5 2. Nc3 Bf5 3. Bf4 e6 4. f3 Nf6 5. g4 Bg6 6. h4 h5 7. g5 Nfd7 8. e3 a6
9. Bd3 Bxd3 10. Qxd3 c5 11. Nge2 Nc6 12. Bh2 cxd4 13. exd4 g6 14. O-O-O Bg7 15.
f4 b5 16. Rhf1 Qa5 17. f5 gxf5 18. Nxd5 exd5 19. Qxf5 O-O-O 20. Qxd5 Nde5 21.
Qc5 Qxa2 22. Bxe5 Bxe5 23. Qxc6+ Bc7 24. Nc3 Qa1+ 25. Nb1 Qa5 26. Rxf7 Qb6 27.
Qxb6 Bxb6 28. c3 b4 29. Rf6 Kb7 30. Rdf1 Rd7 31. Rf7 Rhd8 32. Nd2 bxc3 33. bxc3
Bc7 34. Rxd7 Rxd7 35. Ne4 Re7 36. Nc5+ Ka7 37. Rf6 Bb6 38. Nd3 Re3 39. Kd2 Rh3
40. Rf4 a5 41. g6 Rg3 42. Rf7+ Ka6 43. Ne5 a4 44. Rf1 {Time.} 1-0

[Event "British Columbia-ch Active (online)"]
[Site "chess.com"]
[Date "2020.08.15"]
[Round "2.9"]
[White "Yang, Jingyun (Ryan)"]
[Black "Cruz, Tyler"]
[Result "0-1"]
[WhiteElo "1712"]
[BlackElo "1425"]
[PlyCount "114"]
[EventDate "2020.08.15"]
[EventType "swiss (rapid)"]
[EventRounds "8"]
[EventCountry "CAN"]

1. g3 d5 2. Bg2 Nf6 3. d4 c6 4. Bg5 h6 5. Bxf6 exf6 6. c3 Bd6 7. Nd2 O-O 8.
Ngf3 Re8 9. O-O Nd7 10. Re1 f5 11. Qc2 Nf6 12. Nf1 Qc7 13. N3d2 b5 14. f3 h5
15. e4 fxe4 16. fxe4 dxe4 17. Nxe4 Nxe4 18. Rxe4 Rxe4 19. Qxe4 Bd7 20. Ne3 Re8
21. Qd3 Bxg3 22. hxg3 Qxg3 23. Qd2 Qxe3+ 24. Qxe3 Rxe3 25. Kf2 Re8 26. a4 a6
27. axb5 axb5 28. Ra7 Bg4 29. Bxc6 Re2+ 30. Kg3 Rxb2 31. Be4 g6 32. Kf4 Kg7 33.
d5 Rd2 34. Kg5 Bf5 35. Bf3 Rd3 36. Kf4 Rxc3 37. Bxh5 gxh5 38. Kxf5 h4 39. d6
Rd3 40. d7 h3 41. Ra3 Rxd7 42. Rxh3 Rb7 43. Rg3+ Kf8 44. Rb3 b4 45. Ke5 Ke7 46.
Kd5 f6 47. Kc6 Rb8 48. Kc7 Rb5 49. Kc6 Re5 50. Rxb4 Ke6 51. Rb8 Kf5 52. Kd6 Re1
53. Rb5+ Kg4 54. Rb4+ Kg5 55. Kd5 f5 56. Kd4 Re4+ 57. Kc3 Rxb4 0-1

[Event "British Columbia-ch Active (online)"]
[Site "chess.com"]
[Date "2020.08.15"]
[Round "2.10"]
[White "Parpatt, Mark"]
[Black "Gu, Chuyang"]
[Result "0-1"]
[WhiteElo "1330"]
[BlackElo "1705"]
[PlyCount "124"]
[EventDate "2020.08.15"]
[EventType "swiss (rapid)"]
[EventRounds "8"]
[EventCountry "CAN"]

1. e4 c5 2. Nf3 d6 3. d4 cxd4 4. Nxd4 Nf6 5. Nc3 g6 6. Be3 Bg7 7. Be2 Nc6 8.
Qd2 O-O 9. f3 Bd7 10. h4 h5 11. O-O-O Rc8 12. Rdg1 Ne5 13. Bh6 Bxh6 14. Qxh6
Qa5 15. Nb3 Qb4 16. g4 Rxc3 17. bxc3 Qxc3 18. gxh5 Rc8 19. Qd2 Nxh5 20. Qxc3
Rxc3 21. Nd4 Ba4 22. Kb2 Rc5 23. c3 Nf4 24. Bf1 Bd1 25. Rg3 Nh5 26. Rgh3 Kg7
27. Rg1 Kf6 28. Kc1 Bxf3 29. Nxf3 Rxc3+ 30. Kd2 Rxf3 31. Rh2 Rf4 32. Be2 Rxe4
33. Rf2+ Nf4 34. Rb1 Rxe2+ 35. Rxe2 Nxe2 36. Kxe2 b6 37. Rc1 a5 38. Rc7 Ke6 39.
Rb7 Nc4 40. Kd3 d5 41. Kd4 Kd6 42. Rb8 e5+ 43. Kc3 Ke6 44. Re8+ Kd7 45. Rb8 Kc6
46. Rf8 Nd6 47. Kd3 d4 48. Rb8 b5 49. Ra8 a4 50. Ra6+ Kd5 51. Rb6 e4+ 52. Kd2
Nc4+ 53. Kc2 Nxb6 54. a3 Kc4 55. h5 gxh5 56. Kb2 h4 57. Kc2 h3 58. Kb2 h2 59.
Kc2 h1=Q 60. Kb2 Qg2+ 61. Kc1 Kc3 62. Kb1 Qb2# 0-1

[Event "British Columbia-ch Active (online)"]
[Site "chess.com"]
[Date "2020.08.15"]
[Round "3.1"]
[White "Roberts, Paul"]
[Black "Sudarshan, Varun"]
[Result "1-0"]
[WhiteElo "2192"]
[BlackElo "1603"]
[PlyCount "92"]
[EventDate "2020.08.15"]
[EventType "swiss (rapid)"]
[EventRounds "8"]
[EventCountry "CAN"]

1. g3 g6 2. Bg2 Bg7 3. d4 Nf6 4. e4 d6 5. Ne2 O-O 6. O-O e5 7. Nbc3 exd4 8.
Nxd4 Nbd7 9. h3 Re8 10. Re1 Nc5 11. b3 Ncxe4 12. Nxe4 Nxe4 13. Rxe4 Rxe4 14.
Bxe4 c5 15. Bb2 cxd4 16. Bxd4 Bxh3 17. Bxb7 Rb8 18. Bf3 Qc7 19. Bxg7 Kxg7 20.
Qd4+ Kg8 21. c4 Qc5 22. Rd1 Qxd4 23. Rxd4 Rd8 24. c5 Kf8 25. cxd6 h5 26. Bc6
Be6 27. f4 Bd7 28. Be4 Bg4 29. Kf2 Ke8 30. Ke3 Kd7 31. Ra4 Kxd6 32. Rxa7 Re8
33. Kd4 Be6 34. b4 Rb8 35. a3 Rc8 36. Ra6+ Ke7 37. Bc6 Rd8+ 38. Kc5 Rd3 39. b5
Rxg3 40. Ra7+ Kf6 41. b6 Rc3+ 42. Kd6 Rd3+ 43. Kc7 Rc3 44. b7 Bd5 45. Ra6 Bxc6
46. Rxc6+ Rxc6+ 1-0

[Event "British Columbia-ch Active (online)"]
[Site "chess.com"]
[Date "2020.08.15"]
[Round "3.2"]
[White "Martin, Andrew"]
[Black "Huang, Patrick"]
[Result "0-1"]
[WhiteElo "1564"]
[BlackElo "2147"]
[PlyCount "80"]
[EventDate "2020.08.15"]
[EventType "swiss (rapid)"]
[EventRounds "8"]
[EventCountry "CAN"]

1. e4 g6 2. d4 Bg7 3. Nf3 d6 4. h3 Nd7 5. Bd3 a6 6. c3 b6 7. O-O Bb7 8. Be3
Ngf6 9. Nbd2 O-O 10. Re1 e5 11. d5 Nh5 12. g4 Nf4 13. Bxf4 exf4 14. Rb1 Ne5 15.
Qe2 Bc8 16. Nxe5 dxe5 17. Nf3 Qd6 18. c4 f5 19. gxf5 gxf5 20. Kh2 fxe4 21. Bxe4
Qh6 22. Qf1 Rf5 23. Bxf5 Bxf5 24. Rbd1 e4 25. Nd4 Bg6 26. Ne6 f3 27. d6 Be5+
28. Kh1 cxd6 29. Nd4 Qf4 30. Qg1 Qh4 31. Qf1 Rf8 32. b4 e3 33. Rxe3 Bxd4 34.
Re6 Bf5 35. Rxd4 Qxd4 36. Rh6 Qf4 37. Qd1 Qxh6 38. Qd5+ Be6 39. Qxd6 Qxh3+ 40.
Kg1 Qg2# 0-1

[Event "British Columbia-ch Active (online)"]
[Site "chess.com"]
[Date "2020.08.15"]
[Round "3.3"]
[White "Hemstapat, Andrew"]
[Black "Zou, Kevin G."]
[Result "1-0"]
[WhiteElo "2145"]
[BlackElo "1553"]
[PlyCount "31"]
[EventDate "2020.08.15"]
[EventType "swiss (rapid)"]
[EventRounds "8"]
[EventCountry "CAN"]

1. e4 e5 2. Nf3 Nc6 3. d4 exd4 4. Bc4 Nf6 5. O-O Nxe4 6. Nc3 dxc3 7. Bxf7+ Kxf7
8. Qd5+ Ke8 9. Re1 Be7 10. Rxe4 Kf8 11. b4 d6 12. b5 Ne5 13. Rf4+ Bf6 14. Nxe5
Be6 15. Qxe6 dxe5 16. Ba3+ 1-0

[Event "British Columbia-ch Active (online)"]
[Site "chess.com"]
[Date "2020.08.15"]
[Round "3.4"]
[White "Tran, Tri"]
[Black "Williamson, Jason"]
[Result "0-1"]
[WhiteElo "1534"]
[BlackElo "2028"]
[PlyCount "66"]
[EventDate "2020.08.15"]
[EventType "swiss (rapid)"]
[EventRounds "8"]
[EventCountry "CAN"]

1. d4 Nf6 2. Bf4 g6 3. Nc3 d5 4. e3 c6 5. Bd3 Bg7 6. Nf3 O-O 7. h3 Nbd7 8. O-O
Re8 9. Re1 Nh5 10. Bh2 e5 11. dxe5 Nxe5 12. Nxe5 Bxe5 13. Bxe5 Rxe5 14. Be2 Ng7
15. Bg4 Bxg4 16. Qxg4 Rg5 17. Qe2 Nf5 18. g3 Qd6 19. Qf1 Nxg3 20. fxg3 Qxg3+
21. Kh1 Rh5 22. Qg2 Rxh3+ 23. Kg1 Qh4 24. Ne2 Re8 25. Rad1 Re4 26. Rd4 Qxe1+
27. Qf1 Qxf1+ 28. Kxf1 Rhxe3 29. Rd2 Rxe2 30. Rxe2 Rxe2 31. Kxe2 f5 32. Kf3 Kf7
33. Kf4 Kf6 0-1

[Event "British Columbia-ch Active (online)"]
[Site "chess.com"]
[Date "2020.08.15"]
[Round "3.5"]
[White "Taylor, Tristan"]
[Black "Cronin, Kent"]
[Result "1-0"]
[WhiteElo "1871"]
[BlackElo "1544"]
[PlyCount "89"]
[EventDate "2020.08.15"]
[EventType "swiss (rapid)"]
[EventRounds "8"]
[EventCountry "CAN"]

1. e4 e5 2. Nf3 Nc6 3. Bc4 Nf6 4. d4 exd4 5. O-O d6 6. Ng5 Ne5 7. Qxd4 Nxc4 8.
Qxc4 Be6 9. Nxe6 fxe6 10. Qxe6+ Be7 11. Nc3 Qd7 12. Qxd7+ Nxd7 13. Nd5 Bd8 14.
Be3 O-O 15. f3 Ne5 16. Rad1 Nc4 17. Bc1 Nb6 18. Nf4 Bg5 19. g3 Nc4 20. b3 Bxf4
21. gxf4 Nb6 22. Kf2 Rf7 23. Rg1 Raf8 24. Rg4 Nd7 25. Rdg1 g6 26. h4 Nf6 27.
Rg5 Rg7 28. Bb2 Kf7 29. h5 h6 30. Bxf6 hxg5 31. Bxg7 Kxg7 32. Rxg5 Rxf4 33.
Rxg6+ Kf7 34. Kg3 Rf6 35. Rxf6+ Kxf6 36. Kf4 c6 37. c4 b5 38. cxb5 cxb5 39. Kg4
b4 40. f4 a6 41. Kf3 Kg7 42. e5 d5 43. f5 Kh6 44. f6 Kxh5 45. f7 1-0

[Event "British Columbia-ch Active (online)"]
[Site "chess.com"]
[Date "2020.08.15"]
[Round "3.6"]
[White "Gu, Chuyang"]
[Black "Yao, Henry"]
[Result "0-1"]
[WhiteElo "1705"]
[BlackElo "1447"]
[PlyCount "106"]
[EventDate "2020.08.15"]
[EventType "swiss (rapid)"]
[EventRounds "8"]
[EventCountry "CAN"]

1. e4 e6 2. d4 d5 3. Bd3 dxe4 4. Bxe4 Nf6 5. Bf3 Bd6 6. Ne2 O-O 7. c4 c6 8.
Nbc3 Nbd7 9. Bg5 h6 10. Bh4 Re8 11. O-O Nf8 12. Ne4 Be7 13. Nxf6+ Bxf6 14. Bxf6
Qxf6 15. Qc2 e5 16. dxe5 Rxe5 17. Ng3 Bf5 18. Nxf5 Qxf5 19. Qxf5 Rxf5 20. Rfe1
Rb8 21. Re3 Rf6 22. Ra3 a6 23. Rd1 Re8 24. Kf1 Rfe6 25. Rb3 R6e7 26. g3 Ng6 27.
Rd2 Re1+ 28. Kg2 R1e7 29. Rc3 Ne5 30. Be2 Nd7 31. Bf3 Nc5 32. Rd4 Rc8 33. b4
Ne6 34. Rd6 Rcc7 35. Rcd3 Nf8 36. Rd8 Rcd7 37. R8xd7 Rxd7 38. Rxd7 Nxd7 39. Bg4
Nb6 40. c5 Nd5 41. a3 b6 42. Bf3 bxc5 43. Bxd5 cxd5 44. bxc5 Kf8 45. Kf3 Ke7
46. Ke3 Kd7 47. Kd3 f6 48. f3 a5 49. h3 g5 50. g4 Kc6 51. Kc3 Kxc5 52. Kd3 d4
53. Ke4 Kc4 0-1

[Event "British Columbia-ch Active (online)"]
[Site "chess.com"]
[Date "2020.08.15"]
[Round "3.7"]
[White "Yu, Christopher"]
[Black "Basko, Yauheni"]
[Result "0-1"]
[WhiteElo "1429"]
[BlackElo "1704"]
[PlyCount "136"]
[EventDate "2020.08.15"]
[EventType "swiss (rapid)"]
[EventRounds "8"]
[EventCountry "CAN"]

1. e4 d6 2. d4 g6 3. Nf3 Bg7 4. Bc4 Nf6 5. Nc3 O-O 6. O-O Nxe4 7. Nxe4 d5 8.
Bxd5 Qxd5 9. Ng3 Bg4 10. c3 Nc6 11. Bf4 Bxf3 12. Qxf3 Qxf3 13. gxf3 e5 14. dxe5
Nxe5 15. Bxe5 Bxe5 16. Ne4 Rad8 17. Rad1 b6 18. Rfe1 h6 19. Kg2 Bg7 20. h3 Rfe8
21. Ng3 Kf8 22. Rxe8+ Kxe8 23. Rxd8+ Kxd8 24. Ne4 Kd7 25. Kf1 Ke6 26. Ke2 f5
27. Ng3 Ke5 28. b3 Kf4 29. c4 a5 30. a4 Be5 31. Nh1 Bd6 32. Ng3 h5 33. Nf1 Kg5
34. Ne3 Kh4 35. Nd5 Kxh3 36. Kf1 Kh4 37. Kg2 Kg5 38. Kh3 f4 39. Nc3 Kf5 40. Ne4
Be7 41. Nd2 Ke5 42. Ne4 g5 43. Kg2 Kd4 44. Kh3 g4+ 45. Kg2 Kd3 46. fxg4 hxg4
47. f3 g3 48. Kf1 Kc2 49. Ke2 Kxb3 50. Nd2+ Kxa4 51. Ne4 Kb4 52. Nd2 a4 53. Nb1
Kxc4 54. Nd2+ Kd5 55. Nb1 a3 56. Nc3+ Kc4 57. Na2 Bc5 58. Kf1 b5 59. Kg2 b4 60.
Nxb4 Kxb4 61. Kf1 a2 62. Kg2 a1=Q 63. Kh3 Be3 64. Kg4 Qe5 65. Kh4 c5 66. Kh3
Qh5+ 67. Kg2 Qh2+ 68. Kf1 Qf2# 0-1

[Event "British Columbia-ch Active (online)"]
[Site "chess.com"]
[Date "2020.08.15"]
[Round "3.8"]
[White "Taylor, Ashton"]
[Black "Ghazaryan, Suren"]
[Result "1-0"]
[WhiteElo "1685"]
[BlackElo "1404"]
[PlyCount "69"]
[EventDate "2020.08.15"]
[EventType "swiss (rapid)"]
[EventRounds "8"]
[EventCountry "CAN"]

1. d4 f5 2. c4 e6 3. Nc3 Nf6 4. Nf3 Be7 5. Qc2 d5 6. cxd5 exd5 7. Bf4 c6 8. a3
Ne4 9. h4 Nd7 10. Nxd5 Qa5+ 11. Nc3 Bb4 12. Bd2 Nxd2 13. Nxd2 Nf6 14. Nc4 Bxc3+
15. bxc3 Qc7 16. Ne5 Ne4 17. e3 Qa5 18. Rc1 Be6 19. Bc4 Bd5 20. Bxd5 cxd5 21.
f3 Nd6 22. Qb3 O-O 23. O-O Rac8 24. Nd7 Rfd8 25. Nc5 Nc4 26. Nxb7 Qc7 27. Nxd8
Rxd8 28. Rfe1 Rb8 29. Qc2 Rb2 30. Qxf5 Qg3 31. Qg4 Qxg4 32. fxg4 Nxa3 33. Ra1
Nc2 34. Re2 a5 35. Rc1 1-0

[Event "British Columbia-ch Active (online)"]
[Site "chess.com"]
[Date "2020.08.15"]
[Round "3.9"]
[White "Cruz, Tyler"]
[Black "Li, Geng"]
[Result "0-1"]
[WhiteElo "1425"]
[BlackElo "1683"]
[PlyCount "74"]
[EventDate "2020.08.15"]
[EventType "swiss (rapid)"]
[EventRounds "8"]
[EventCountry "CAN"]

1. e4 d5 2. exd5 Qxd5 3. Nc3 Qd6 4. d4 Nf6 5. Nf3 a6 6. g3 b5 7. Bg2 Bb7 8. O-O
e6 9. Bf4 Qb6 10. a3 Nbd7 11. Ne5 Bd6 12. Nxd7 Nxd7 13. Bxb7 Qxb7 14. Qg4 Bxf4
15. Qxf4 O-O 16. Ne4 h6 17. Rfe1 Qc6 18. Rac1 Rae8 19. b3 e5 20. dxe5 Nxe5 21.
Re3 f5 22. Nd2 Ng6 23. Qf3 Qd6 24. Rd3 Qxa3 25. Qd5+ Kh7 26. Rd1 Rd8 27. Qxd8
Rxd8 28. Rxd8 Qb2 29. c4 bxc4 30. bxc4 Qc2 31. Nf3 Qxc4 32. h4 Qg4 33. Nh2 Qh3
34. Ra8 f4 35. Rd3 Nxh4 36. gxh4 Qxd3 37. Kg2 Qd5+ 0-1

[Event "British Columbia-ch Active (online)"]
[Site "chess.com"]
[Date "2020.08.15"]
[Round "3.10"]
[White "Tran, Philip"]
[Black "Imoo, Joshua"]
[Result "0-1"]
[WhiteElo "831"]
[BlackElo "1611"]
[PlyCount "92"]
[EventDate "2020.08.15"]
[EventType "swiss (rapid)"]
[EventRounds "8"]
[EventCountry "CAN"]

1. e4 e5 2. Nf3 Nf6 3. Nxe5 d6 4. Nf3 Nxe4 5. d3 Nf6 6. Nc3 d5 7. d4 Be7 8. h3
O-O 9. Be2 c5 10. Be3 b6 11. Nb1 Nc6 12. c3 Bf5 13. Bd3 Ne4 14. Nbd2 Nxf2 15.
Kxf2 Bxd3 16. Nb3 c4 17. Re1 Bd6 18. Nc1 Be4 19. Kg1 Bg3 20. Rf1 b5 21. Ne2 Bc7
22. Bf4 Bd3 23. Bxc7 Qxc7 24. b3 Ne7 25. Ne5 Be4 26. Ng3 Bg6 27. Ne2 f6 28.
Nxg6 Nxg6 29. a4 a6 30. a5 Rfe8 31. b4 Re3 32. Qd2 Rae8 33. Rae1 Qe7 34. Rf2
Nh8 35. Qd1 Nf7 36. Kf1 Ng5 37. Qd2 Re6 38. h4 Ne4 39. Qe3 Nxf2 40. Qxf2 Re3
41. g3 Qe4 42. Qh2 Qf3+ 43. Qf2 Qh1+ 44. Ng1 Rxe1+ 45. Qxe1 Rxe1+ 46. Kxe1
Qxg1+ 0-1

[Event "British Columbia-ch Active (online)"]
[Site "chess.com"]
[Date "2020.08.15"]
[Round "4.1"]
[White "Basko, Yauheni"]
[Black "Roberts, Paul"]
[Result "0-1"]
[WhiteElo "1704"]
[BlackElo "2192"]
[PlyCount "140"]
[EventDate "2020.08.15"]
[EventType "swiss (rapid)"]
[EventRounds "8"]
[EventCountry "CAN"]

1. e4 g6 2. d4 Bg7 3. Nc3 d6 4. h3 c6 5. a4 a5 6. Nf3 Nd7 7. Be2 Qc7 8. Be3
Ngf6 9. O-O O-O 10. Qd2 e5 11. d5 cxd5 12. Nxd5 Nxd5 13. Qxd5 Nf6 14. Qd3 d5
15. Qb5 Bd7 16. Qc5 Qxc5 17. Bxc5 Rfc8 18. Bd6 dxe4 19. Nxe5 Rxc2 20. Rfe1 Rac8
21. Nxd7 Nxd7 22. Bb5 Nf6 23. Be5 Nd5 24. Rxe4 Bxe5 25. Rxe5 Nf6 26. b3 Rc1+
27. Rxc1 Rxc1+ 28. Kh2 Rc7 29. Bc4 b6 30. g4 h6 31. Kg2 Kf8 32. Kf3 Nd7 33. Re1
Rc5 34. Kg2 Ne5 35. Bb5 g5 36. Re3 f6 37. Kf1 Ke7 38. Ke2 Rc2+ 39. Kf1 Kd6 40.
Re2 Rxe2 41. Kxe2 Ng6 42. Ke3 Ke5 43. Be2 Nf4 44. Bf1 Kd5 45. f3 Ke5 46. Kf2
Kd4 47. Kg3 Kc3 48. Bc4 Nd3 49. h4 Nc5 50. hxg5 hxg5 51. f4 Nxb3 52. Bb5 Nd4
53. fxg5 fxg5 54. Bd7 Kd3 55. Kf2 Ke4 56. Kg3 Ke3 57. Be8 Nb3 58. Bd7 Nd2 59.
Bc6 Ne4+ 60. Kg2 Kf4 61. Bd7 Nf6 62. Bc8 Nxg4 63. Kf1 Ne3+ 64. Ke2 Ke4 65. Bb7+
Kd4 66. Bc8 Nd5 67. Kd2 Nc3 68. Bd7 Kc4 69. Kc2 Kb4 70. Kd3 Nxa4 0-1

[Event "British Columbia-ch Active (online)"]
[Site "chess.com"]
[Date "2020.08.15"]
[Round "4.2"]
[White "Huang, Patrick"]
[Black "Taylor, Ashton"]
[Result "0-1"]
[WhiteElo "2147"]
[BlackElo "1685"]
[PlyCount "76"]
[EventDate "2020.08.15"]
[EventType "swiss (rapid)"]
[EventRounds "8"]
[EventCountry "CAN"]

1. d4 d5 2. Bf4 c5 3. e3 Nc6 4. c3 Qb6 5. Na3 cxd4 6. exd4 e5 7. dxe5 Bxa3 8.
bxa3 Bf5 9. Bd3 Nge7 10. Nf3 Bxd3 11. Qxd3 Ng6 12. Bg3 O-O 13. O-O Qc5 14. Rab1
b6 15. Rb5 Qxa3 16. Qxd5 Qxc3 17. e6 Nge7 18. exf7+ Rxf7 19. Qe6 Nd4 20. Nxd4
Qxd4 21. Rbb1 Qf6 22. Qe4 Raf8 23. Rbc1 Nf5 24. Be5 Qg6 25. Rc6 Qg5 26. f4 Qg4
27. Qf3 Qxf3 28. Rxf3 Nh4 29. Rh3 Ng6 30. Bd6 Nxf4 31. Rf3 Ne2+ 32. Kf2 Rxf3+
33. gxf3 Nd4 34. Bxf8 Nxc6 35. Bd6 Kf7 36. Ke3 Ke6 37. Ba3 Ne5 38. Bb2 Nc4+ 0-1

[Event "British Columbia-ch Active (online)"]
[Site "chess.com"]
[Date "2020.08.15"]
[Round "4.3"]
[White "Li, Geng"]
[Black "Hemstapat, Andrew"]
[Result "0-1"]
[WhiteElo "1683"]
[BlackElo "2145"]
[PlyCount "68"]
[EventDate "2020.08.15"]
[EventType "swiss (rapid)"]
[EventRounds "8"]
[EventCountry "CAN"]

1. d4 Nf6 2. c4 g6 3. Nf3 Bg7 4. Nc3 d6 5. e4 O-O 6. Be2 e5 7. O-O Nc6 8. dxe5
dxe5 9. Bg5 Bg4 10. Nd5 Bxf3 11. Bxf3 Nd4 12. Nxf6+ Bxf6 13. Bxf6 Qxf6 14. Re1
Rfd8 15. Re3 a5 16. a3 a4 17. Rd3 Nb3 18. Rb1 Rxd3 19. Qxd3 Rd8 20. Qc3 Kg7 21.
h3 Rd4 22. Rd1 Qd6 23. Rxd4 exd4 24. Qd3 Nc5 25. Qc2 Qe5 26. Be2 Qxe4 27. Qxe4
Nxe4 28. Bd1 Nc5 29. Kf1 Kf6 30. Ke2 Ke5 31. f3 Kf4 32. Kf2 Nd3+ 33. Ke2 Nxb2
34. c5 Kg3 0-1

[Event "British Columbia-ch Active (online)"]
[Site "chess.com"]
[Date "2020.08.15"]
[Round "4.4"]
[White "Williamson, Jason"]
[Black "Imoo, Joshua"]
[Result "1-0"]
[WhiteElo "2028"]
[BlackElo "1611"]
[PlyCount "51"]
[EventDate "2020.08.15"]
[EventType "swiss (rapid)"]
[EventRounds "8"]
[EventCountry "CAN"]

1. e4 e5 2. Nf3 Nf6 3. Nc3 Nc6 4. d4 exd4 5. Nxd4 Bb4 6. Nxc6 bxc6 7. Bd3 O-O
8. O-O d6 9. Bd2 Re8 10. Re1 Bc5 11. Be3 Bxe3 12. Rxe3 Rb8 13. b3 Ng4 14. Rg3
Qf6 15. Qd2 Ne5 16. Rf1 Nxd3 17. Qxd3 Rb6 18. Na4 Rb4 19. c4 Ba6 20. f4 Qe7 21.
Qc3 f6 22. Qxb4 Qxe4 23. Qc3 Kf7 24. Qd3 Qxd3 25. Rxd3 d5 26. Nc5 1-0

[Event "British Columbia-ch Active (online)"]
[Site "chess.com"]
[Date "2020.08.15"]
[Round "4.5"]
[White "Yao, Henry"]
[Black "Taylor, Tristan"]
[Result "1/2-1/2"]
[WhiteElo "1447"]
[BlackElo "1871"]
[PlyCount "118"]
[EventDate "2020.08.15"]
[EventType "swiss (rapid)"]
[EventRounds "8"]
[EventCountry "CAN"]

1. e4 c5 2. Nf3 Nc6 3. d4 cxd4 4. Nxd4 Nf6 5. Nc3 e5 6. Ndb5 d6 7. Bg5 a6 8.
Na3 b5 9. Bxf6 gxf6 10. Nd5 f5 11. Bd3 Be6 12. c4 Qa5+ 13. Qd2 b4 14. Nc2 Rb8
15. Nce3 fxe4 16. Bxe4 Nd4 17. Nc2 Bxd5 18. Bxd5 Nxc2+ 19. Qxc2 b3+ 20. Qd2
Qxd2+ 21. Kxd2 Bg7 22. axb3 Rxb3 23. Kc2 Rb6 24. Ra2 Ke7 25. Rha1 Rhb8 26. Rb1
f5 27. f3 Bh6 28. g3 Be3 29. Ra4 Bd4 30. b3 Kf6 31. b4 Kg5 32. h4+ Kf6 33. g4
Bf2 34. h5 Bd4 35. Rb3 fxg4 36. fxg4 Kg5 37. Be4 Kxg4 38. Bxh7 Kxh5 39. Bd3 Kg5
40. b5 axb5 41. Rxb5 Rxb5 42. cxb5 Kf6 43. Bc4 Rc8 44. Kd3 Kf5 45. Ra6 Bc5 46.
b6 Rb8 47. Bd5 Bxb6 48. Ra8 Rxa8 49. Bxa8 Ke6 50. Ke4 Bf2 51. Bd5+ Ke7 52. Bc6
Bc5 53. Bd5 Ba3 54. Bc6 Bb2 55. Bd5 Kd7 56. Ba8 Kc7 57. Bd5 Kb6 58. Ba8 Kc5 59.
Bd5 Bd4 1/2-1/2

[Event "British Columbia-ch Active (online)"]
[Site "chess.com"]
[Date "2020.08.15"]
[Round "4.6"]
[White "Su, Ethan"]
[Black "Koukpari, Tiam"]
[Result "0-1"]
[WhiteElo "1853"]
[BlackElo "1675"]
[PlyCount "124"]
[EventDate "2020.08.15"]
[EventType "swiss (rapid)"]
[EventRounds "8"]
[EventCountry "CAN"]

1. e3 d5 2. c4 e6 3. cxd5 exd5 4. Nf3 Nf6 5. Be2 Be7 6. O-O O-O 7. Nc3 c6 8. d4
Bf5 9. Bd3 Bxd3 10. Qxd3 Nbd7 11. a3 Re8 12. b4 Nb6 13. Bd2 Bd6 14. Rfe1 Nc4
15. Qc2 Ne4 16. Bc1 f5 17. Nxe4 fxe4 18. Nd2 b5 19. Qd1 Re6 20. f3 Nxd2 21.
Bxd2 Bxh2+ 22. Kxh2 Qh4+ 23. Kg1 exf3 24. Qxf3 Rf6 25. g3 Rg6 26. Kg2 Rf8 27.
Rh1 Qe7 28. Qxf8+ Kxf8 29. Raf1+ Kg8 30. Rf3 h6 31. Kf2 Rf6 32. Rh4 Rxf3+ 33.
Kxf3 Kh7 34. Rh2 g5 35. Ke2 Kg6 36. Rf2 h5 37. Be1 Qe4 38. Rf8 Qc2+ 39. Bd2
Qc4+ 40. Ke1 Qb3 41. Rg8+ Kh7 42. Rxg5 Kh6 43. Re5 Qxa3 44. Re6+ Kg5 45. Rxc6
Qd3 46. e4+ Kg4 47. exd5 Qxg3+ 48. Kd1 Qf3+ 49. Kc2 Qxd5 50. Rg6+ Kf3 51. Rf6+
Ke2 52. Bc3 Qe4+ 53. Kb2 h4 54. Rh6 Kd3 55. Rh8 Kc4 56. Rc8+ Kd3 57. Rc5 h3 58.
d5 h2 59. d6 h1=Q 60. d7 Qeg2+ 61. Kb3 Qb1+ 62. Bb2 Qbxb2# 0-1

[Event "British Columbia-ch Active (online)"]
[Site "chess.com"]
[Date "2020.08.15"]
[Round "4.7"]
[White "Cheng, Clement"]
[Black "Lucki, Arnie"]
[Result "0-1"]
[WhiteElo "1503"]
[BlackElo "1907"]
[PlyCount "84"]
[EventDate "2020.08.15"]
[EventType "swiss (rapid)"]
[EventRounds "8"]
[EventCountry "CAN"]

1. e4 e6 2. c4 d5 3. cxd5 exd5 4. exd5 Qxd5 5. Nc3 Qd8 6. Nf3 Nf6 7. Bc4 Be7 8.
Qb3 O-O 9. Ne5 Qe8 10. O-O Bd6 11. Nxf7 Rxf7 12. d4 Nc6 13. Be3 Na5 14. Bxf7+
Qxf7 15. Qxf7+ Kxf7 16. Nb5 Ng4 17. Nxd6+ cxd6 18. Rac1 Nf6 19. Rc7+ Kg8 20.
Rfc1 Be6 21. b3 Nd5 22. R7c2 Kf7 23. h3 Bf5 24. Re2 Re8 25. Ree1 Bd3 26. Bd2
Rxe1+ 27. Rxe1 Nc6 28. Kh2 Nxd4 29. Rd1 Bc2 30. Rc1 Bg6 31. Be3 Nc6 32. Rd1
Nxe3 33. fxe3 Ke6 34. Rf1 Nb4 35. a4 Nc2 36. Kh1 d5 37. Rf8 Ke7 38. Rb8 Nxe3
39. Rxb7+ Kd6 40. Rxa7 d4 41. a5 d3 42. Ra6+ Kc5 {Time.} 0-1